Name Only Which Country You Want To Win Euro 2024 - Statistics

General Stats
  • This quiz has been taken 24 times
  • The average score is 9 of 24
Answer Stats
Answer % Correct
Croatia
54%
Germany
54%
England
50%
France
50%
Italy
50%
Scotland
50%
Denmark
46%
Portugal
46%
Spain
46%
Belgium
42%
Czech Republic
42%
Netherlands
42%
Serbia
42%
Slovakia
42%
Switzerland
42%
Albania
38%
Hungary
38%
Romania
38%
Slovenia
38%
Austria
29%
Turkey
29%
Play-off winner A
4%
Play-off winner B
4%
Play-off winner C
4%
No matching quizzes found
Score Distribution
Percent of People with Each Score
Percentile by Number Answered
Your Score History
You have not taken this quiz